000 00503nam a2200181Ia 4500
005 20250326142945.0
008 250326s9999 xx 000 0 und d
037 _aTextbook
040 _aFMSL
_beng
_cFMSL
041 _aeng
_2eng
084 _aX:9 P2
_qFMSL
100 _aKorczynski M
_9746985
245 0 _aHuman resource management in service work
_cKorczynski M
260 _aNew York
_bNew York, Palgrave
_c2002
300 _a237p
942 _cTB
_hX:9 P2
999 _c1297453
_d1297453